| 000 | 00548nam a2200157 a 4500 | ||
|---|---|---|---|
| 001 | 000039665 | ||
| 005 | 20201002033652.0 | ||
| 008 | 130715s1974 xxu 000 0 spa d | ||
| 040 |
_aDO-SdBNP _bspa _cBNPHU |
||
| 100 | 1 |
_aCortés Conde, Roberto _965856 |
|
| 245 | 1 | 0 |
_aThe first stages of modernization in spanish America / _cRoberto Cortés Conde. |
| 260 |
_aNew York : _bHarper & Row, Publishers, _c1974. |
||
| 300 | _a162 p. | ||
| 500 | _aIncluye datos biográficos del autor en la contracubierta | ||
| 500 | _aIncluye notas al pie de las páginas | ||
| 999 |
_c39155 _d39155 |
||